Statistics for Largest cities in Albania

Click here to take the quiz!

General Stats

  • This quiz has been taken 22 times
  • The average score is 3 of 5

Answer Stats

Answer % Correct
Tirana
100%
Vlore
50%
Durres
40%
Shkoder
40%
Elbasan
30%

Score Distribution

Percentile by Number Answered

Percent of People with Each Score

Your Score History

You have not taken this quiz